Movies Quiz

Random Movies or Actress Quiz

The Breakfast Club Actors Quiz Stats

Quiz Updated Jul 8, 2016

Also try: John Hughes Movies
Challenge
Share
Tweet
Embed
Score 0/5 Timer 01:30
1 Play Today
Character Actor/Actress % Correct
Claire StandishMolly Ringwald
93.4%
Andrew 'Andy' ClarkEmilio Estevez
92.3%
Brian JohnsonAnthony Michael Hall
78.2%
Allison ReynoldsAlly Sheedy
74.9%
John BenderJudd Nelson
72.4%

You're not logged in!

Compare scores with friends on all Sporcle quizzes.
Join for Free
OR
Log In

You Might Also Like...

Show Comments

Extras

Top Quizzes Today


Score Distribution

Your Account Isn't Verified!

In order to create a playlist on Sporcle, you need to verify the email address you used during registration. Go to your Sporcle Settings to finish the process.

Report this User

Report this user for behavior that violates our Community Guidelines.

Details: